000 00463nam a2200181Ia 4500
001 20904
005 20260306172840.0
008 260306t2014||||xx |||||||||||||| ||spa||
041 _aESP
082 _a343.8
_bR63
100 _aRíos Correa, Miguel Antonio
_eAUT
245 0 _aProcedimientos contenciosos tributarios:
_bcasos prácticos
260 _c2014
300 _a62 páginas :
_c24 cm.
650 _aGEN
654 _aCCO
942 _cLIB
_dJUS
_fJUS
_2ddc
_n
999 _c20904
_d20904